000 00675nam a2200217Ii 4500
001 14684
003 CO-ViMGA
008 241108s9999||||xx |||||||||||||| ||und||
020 _a9789586982184
040 _aCO-ViMGA
_bspa
_erda
_cCO-ViMGA
041 0 _aspa
082 0 4 _a306.0986120 - P17f
100 1 _aGermán Patiño Ossa
_947306
245 1 0 _aFogón de negros :
_bcocina y cultura en una región latinoamericana
264 1 _aBogotá, Colombia : Convenio Andrés Bello, 2007
300 _avolumen
336 _atext
_btxt
_2rdacontent
337 _aunmediated
_bn
_2rdamedia
338 _avolume
_bnc
_2rdacarrier
940 _aidficha_siabuc: 14376. -- ficha_no_siabuc:14684
999 _c41890
_d41890